| 000 | 00834nam a22002657a 4500 | ||
|---|---|---|---|
| 003 | CHAP | ||
| 005 | 20220329140615.0 | ||
| 008 | 971013s r 00010 d | ||
| 010 | _a54666 | ||
| 011 | _a55638 | ||
| 035 | _a59790 | ||
| 040 | _cCHAP | ||
| 090 | _aR-2009 | ||
| 100 | 0 | 0 |
_aTsuruta, Yasuo. _9115467 |
| 245 | _aEstablishing a saltdamage-proof farm for arid lands | ||
| 500 | _aSobretiro de : Spirit of interprises: the 1984 Rolex awards -- London : Aurum, 1984. pp. 34-35 | ||
| 590 |
_aBATCH-UPD _b10 _c20130110 _lUCH01 _h0751 |
||
| 590 |
_aBATCH-UPD _b10 _c20130410 _lUCH01 _h0431 |
||
| 590 |
_aBATCH-UPD _b10 _c20130914 _lUCH01 _h1659 |
||
| 590 |
_aCONVERSION _b10 _c20130109 _lUCH01 _h1329 |
||
| 650 | 1 | 4 |
_aIrrigación salina. _960512 |
| 901 | _aBK | ||
| 942 | _cREIMP | ||
| 949 |
_aR-2009 _bBC _cR _d-129162 _eTS1 _i59790 _si |
||
| 999 |
_c54666 _d54666 |
||